Shameless - Les couples - Statistiques

Statistiques générales
  • Ce quiz a été pris 36 fois
  • Le résultat moyen est 8 sur 33
Statistiques - réponses
Par images Hint Réponse % Correct
Il ment sur son identité Steve / Jimmy
88%
La mère des Gallagher Monica
68%
Le mari de Ian Mickey
64%
Elle s'est faite renverser par une voiture Karen
60%
Elle a renversé quelqu'un en voiture Mandy
60%
Fiona s'est mariée avec lui Gus
36%
Fiona s'est presque mariée avec lui Sean
36%
Amoureux de Fiona depuis longtemps Tony
36%
Carl est son "Clyde" Bonnie
32%
La mère du fils de Lip Tami
32%
Le père de Franny Derek
28%
Elle est jalouse de la suivante Amanda
24%
Pointeur Kash
24%
Encore une Milkovitch... Sandy
20%
Le catalyseur de sa descente aux enfers Ford
16%
Fiona l'a trompé avec son frère Mike
16%
Elle travaille pour Fiona Sierra
16%
La première copine de Debbie Alexandra
12%
Elle avait un cancer Bianca
12%
La professeure de Lip Helene
12%
Il est nettement plus âgé que Debbie Matty
12%
Il gère un centre LGBT Trevor
12%
Son père est policier Dominique
8%
La fille de la Sugar Mommy Julia
8%
La folle Kassidi
8%
Debbie "s'occupe de lui" Neil
8%
Il a trompé Ian Caleb
4%
Elle a des enfants "grâce" à Carl Ingrid
4%
Debbie était aussi en crush sur elle Kelly
4%
La Sugar Mommy de Debbie Claudia
0%
Elle apparaît à la toute fin Heidi
0%
La mère de Sammi Queenie
0%
Le frère en question Robbie
0%
Aucun quiz correspondant
Distribution des résultats
% des personnes avec chaque résultat
Percentile par nombre de réponses
Votre historique - résultats
Vous n’avez pas pris ce quiz